000
00216 a2200109 4500
020
_a
9781449482015
041
_a
eng
100
_a
Peirce, Lincoln
245
_a
The complete big nate
942
_c
BK
999
_c
23382
_d
23382
999
_d
23382